000 01094nam a22002057a 4500
999 _c63930
_d63930
003 Ge_BSU
005 20260224130950.0
008 260224s1955 ge ||||| |||| 00| 0 geo d
041 _ageo
080 _a330.111.4 ლ-25
100 _aლარცულიანი, ს.
_926958
245 _aმწარმოებლურ ძალთა ხასიათისადმი წარმოებით ურთიერთობათა სრული შესაბამისობა სოციალისტურ საზოგადოებაში /
_c ს. ლარცულიანი.
264 _a[თბილსი] :
_bსახელგამი,
_c1955.
300 _a147 გვ. ;
_b20 სმ.
490 _aმეცნიერულ-პოპულარული ბიბლიოლთეკა
504 _aბიბლიოგრ. შენიშვნებში.
653 _aსაწარმოო ძალები
653 _aწარმოებითი ურთიერთობები
942 _2udc
_cᲬᲘᲒᲜᲘ